书目信息 |
| 题名: |
量子力学
|
|
| 作者: | 曾谨言 编著 | |
| 分册: | 上册 | |
| 出版信息: | 北京 科学出版社 1981 |
|
| 页数: | 296页 | |
| 开本: | 20cm | |
| 丛书名: | 现代物理学丛书 | |
| 单 册: | ||
| 中图分类: | O413.1 | |
| 科图分类: | ||
| 主题词: | 理论物理学 | |
| 电子资源: | ||
| ISBN: | ||
| 000 | 00582nam0 2200217 45 | |
| 001 | 0312221749 | |
| 005 | 20060814082804.50 | |
| 010 | @dCNY1.85 | |
| 091 | @a13031.1586 | |
| 100 | @a20031222d1981 km y0chiy0120 ea | |
| 101 | @achi | |
| 200 | 1 | @a量子力学@ALiang Zi Li Xue@h上册@f曾谨言编著@FCeng Jin Yan Bian Zhu |
| 210 | @a北京@c科学出版社@d1981 | |
| 215 | @a296页@d20cm | |
| 225 | @a现代物理学丛书 | |
| 410 | @12001 @a现代物理学丛书 | |
| 606 | 0 | @a理论物理学 |
| 690 | @aO413.1@v3 | |
| 701 | 0 | @a曾谨言@Aceng jin yan@4编著 |
| 801 | @aCN@bTSTCL@c20060814 | |
| 905 | @dO413.1@e1:1 | |
| 量子力学.上册/曾谨言编著.-北京:科学出版社,1981 |
| 296页;20cm.-(现代物理学丛书) |
| ISBN :CNY1.85 |
| ● |
| 相关链接 |
|
|
|
|
正题名:量子力学
索取号:O413.1/1:1
 
预约/预借
| 序号 | 登录号 | 条形码 | 馆藏地/架位号 | 状态 | 备注 |
| 1 | 0077933 | 001051293 | 第三借阅区/ [索取号:O413.1/1:1] | 在馆 | |
| 2 | 0077934 | 202274243 | 密集书库/ [索取号:O413.1/1:1] | 在馆 | |
| 3 | 0077935 | 202312951 | 密集书库/ [索取号:O413.1/1:1] | 在馆 | |
| 4 | 0077936 | 202274369 | 密集书库/ [索取号:O413.1/1:1] | 在馆 | |
| 5 | 0077937 | 202274378 | 密集书库/ [索取号:O413.1/1:1] | 在馆 | |
| 6 | 0111234 | 001051257 | 第三借阅区/ [索取号:O413.1/1:1] | 在馆 | |
| 7 | 0111235 | 001942143 | 第三借阅区/ [索取号:O413.1/1:1] | 在馆 | |
| 8 | 0111236 | 202183145 | 密集书库/ [索取号:O413.1/1:1] | 在馆 | |
| 9 | 0111237 | 202274323 | 密集书库/ [索取号:O413.1/1:1] | 在馆 | |
| 10 | 0111238 | 001051220 | 密集书库/ [索取号:O413.1/1:1] | 在馆 | |
| 11 | 0433972 | 204339723 | 密集书库/ [索取号:O413.1/1:1] | 在馆 | |
| 12 | 0433973 | 204339732 | 密集书库/ [索取号:O413.1/1:1] | 在馆 | |
| 13 | 0460752 | 204607522 | 密集书库/ [索取号:O413.1/1:1] | 在馆 | |
| 14 | 0460753 | 204607531 | 密集书库/ [索取号:O413.1/1:1] | 在馆 | |
| 15 | 0460754 | 204607540 | 密集书库/ [索取号:O413.1/1:1] | 在馆 |